Về nguồn bản sắc dân tộc /

Những vấn đề lý thuyết về bản sắc văn hóa dân tộc trong sáng tác văn học, khái luận về văn xuôi dân tộc thiểu số Việt Nam hiện đại. Những mạch nguồn cảm hứng mang đậm bản sắc văn hóa dân tộc trong văn xuôi dân tộc thiểu số Việt Nam hiện đại......

Mô tả đầy đủ

Đã lưu trong:
Chi tiết về thư mục
Tác giả chính: Đông Phong
Định dạng: Sách
Được phát hành: HCM : HCM, 2001.
Những chủ đề:
Các nhãn: Thêm thẻ
Không có thẻ, Là người đầu tiên thẻ bản ghi này!
Thư viện lưu trữ: Mạng thư viện Đại học Đà Nẵng
LEADER 01318nam a22003131a 4500
001 000039227
003 15522
005 20210424175106.0
008 160412s2001 000
020 |c 20000 
040 |a lnn 
041 |a Vie 
082 |a 895.922808  |b ĐÔ-P 
100 1 |a Đông Phong 
245 1 0 |a Về nguồn bản sắc dân tộc /  |c Đông Phong. 
260 |a HCM :  |b HCM,  |c 2001. 
300 |a 207tr. ;  |c 20,5cm. 
520 3 |a Những vấn đề lý thuyết về bản sắc văn hóa dân tộc trong sáng tác văn học, khái luận về văn xuôi dân tộc thiểu số Việt Nam hiện đại. Những mạch nguồn cảm hứng mang đậm bản sắc văn hóa dân tộc trong văn xuôi dân tộc thiểu số Việt Nam hiện đại... 
650 0 4 |a Bản sắc văn hóa  |x Dân tộc thiểu số 
650 |a Nghiên cứu văn học  |z Việt Nam 
OWN |a LNN 
902 |a TKV 
AVA |a UDN50  |b LNN  |d 895.922808ĐÔ-P  |e available  |t Error 5001 Not defined in file expand_doc_bib_avail.  |f 3  |g 0  |h N  |i 0 
999 |a From the UDN01 
AVA |a UDN50  |b LNN  |d 895.922808ĐÔ-P  |e available  |t Error 5001 Not defined in file expand_doc_bib_avail.  |f 3  |g 0  |h N  |i 0 
TYP |a Monograph 
980 |a Mạng thư viện Đại học Đà Nẵng